| 000 | 01069 a2200217 4500 | ||
|---|---|---|---|
| 005 | 20080908113546.0 | ||
| 008 | 080908t xxu||||| |||| 00| 0 hin d | ||
| 010 | _aHIN-79129 | ||
| 020 |
_c80.00 _a818578194x |
||
| 035 | _aHN-51476 | ||
| 037 | _bD.B.Act / pub | ||
| 082 | _a291.7 | ||
| 100 | _aद्वारका लाल "गुप्त" | ||
| 245 |
_aअयोध्या की ओर... _cद्वारका लाल "गुप्त" |
||
| 246 |
_aAyodhya ki aur _bby Dwarka Lal 'Gupat " |
||
| 260 |
_aदिल्ली _bमेघ प्रकाशन _c2004 |
||
| 270 |
_a239 दरीबाकलां _bदिल्ली _e110006 _k(011) 23278761 _mmegh_prakashan@rediffmail.com |
||
| 300 |
_a80पृ _c22 सेमी (सजिल्द) |
||
| 942 |
_adpl _cHN _k291.7 / द्वारका _2ddc _h291.7 _mद्वारका |
||
| 999 |
_c1266 _d1266 |
||